LIBRARY & INFORMATION CENTRE, KCAET, TAVANUR

ONLINE PUBLIC ACCESS CATALOGUE (OPAC)

Crop post - harvest : Science and technology (Record no. 15298)

MARC details
000 -LEADER
fixed length control field 00387nam a22001577a 4500
020 ## - INTERNATIONAL STANDARD BOOK NUMBER
ISBN 9780632057252
082 ## - DEWEY DECIMAL CLASSIFICATION NUMBER
Classification number 631.582
Item number REE/CR
100 ## - MAIN ENTRY--AUTHOR NAME
Personal name REES, DEBBIE
245 ## - TITLE STATEMENT
Title Crop post - harvest : Science and technology
250 ## - EDITION STATEMENT
Edition statement 1
260 ## - PUBLICATION, DISTRIBUTION, ETC. (IMPRINT)
Place of publication U.K
Name of publisher Wiley-Blackwell
Year of publication 2012
300 ## - PHYSICAL DESCRIPTION
Number of Pages 451
700 ## - ADDED ENTRY--PERSONAL NAME
Personal name Farrell, Graham
700 ## - ADDED ENTRY--PERSONAL NAME
Personal name Orchard, John
942 ## - ADDED ENTRY ELEMENTS (KOHA)
Koha item type Books
Holdings
Withdrawn status Lost status Damaged status Home library Current library Date acquired Full call number Accession Number Koha item type
      KAUAET KAUAET 02/03/2018 631.582 REE/CR 24810 Books
free website counter